Týmy fotbalové Chance ligy 2025/26 - Statistics

General Stats
  • This quiz has been taken 234 times
    129 since last reset
  • The average score is 15 of 16
Answer Stats
Answer % Correct
AC Sparta Praha
100%
FC Baník Ostrava
98%
SK Slavia Praha
98%
FC Viktoria Plzeň
97%
FK Pardubice
95%
FC Hradec Králové
93%
FC Slovan LIberec
93%
FK Dukla Praha
92%
FC Zlín
91%
SK Sigma Olomouc
91%
FK Teplice
89%
Bohemians Praha 1905
88%
FK Jablonec
87%
1. FC Slovácko
86%
MFK Karviná
84%
FK Mladá Boleslav
81%
No matching quizzes found
Score Distribution
Percent of People with Each Score
Percentile by Number Answered
Your Score History
You have not taken this quiz since the last reset